000 00536nam a2200181Ia 4500
008 090124s9999 xx 000 0 und d
082 _b36583
100 _aकिनरे जयंत
245 _a अश्र्वत्थ
250 _a1
260 _bप्रियांजली प्रकाशन
_c1998
300 _a303
600 _aकिनरे जयंत
630 _a अश्र्वत्थ
700 _aकिनरे जयंत
730 _a अश्र्वत्थ
942 _cBOOK
999 _c102534
_d102534